Sports Quiz

Random Sports or Football Quiz

Did the Bengals win the Super Bowl? Quiz Stats

Quiz not verified by Sporcle

Challenge
Share
Tweet
Embed
Score 0/52 Timer 01:00
0 Plays Today
Super Bowl Yes or No % Correct
I???
99.8%
II???
99.6%
III???
99.5%
IV???
99.3%
V???
99.3%
VII???
99.2%
LI???
99.2%
VI???
99%
IX???
99%
LII???
98.9%
XV???
98.9%
XVII???
98.9%
XVIII???
98.9%
X???
98.8%
XI???
98.8%
XII???
98.8%
XIII???
98.8%
XVI???
98.8%
VIII???
98.7%
XIV???
98.6%
XIX???
98.6%
XXV???
98.6%
XX???
98.5%
XXI???
98.5%
XXII???
98.5%
XXIII???
98.5%
Super Bowl Yes or No % Correct
XXIV???
98.5%
XXVI???
98.4%
XXVII???
98.4%
XXVIII???
98.2%
XXIX???
98.2%
XXX???
98%
XXXI???
98%
XXXII???
97.8%
XXXIII???
97.8%
XXXIV???
97.6%
XXXVI???
97.5%
XXXVII???
97.5%
XXXV???
97.4%
XXXIX???
97.2%
XL???
97.1%
XLI???
97.1%
XXXVIII???
97%
XLII???
96.6%
XLIII???
96.6%
XLIV???
96.4%
XLV???
96.4%
XLVII???
96.3%
50???
96.3%
XLVI???
96.2%
XLVIII???
96.2%
XLIX???
95.9%

You're not logged in!

Compare scores with friends on all Sporcle quizzes.
Sign Up with Email
OR
Log In

You Might Also Like...

Show Comments

Extras

Top Quizzes Today


Score Distribution

Your Account Isn't Verified!

In order to create a playlist on Sporcle, you need to verify the email address you used during registration. Go to your Sporcle Settings to finish the process.

Report this User

Report this user for behavior that violates our Community Guidelines.

Details: